00817 2200289 4500001002100000005001500021035002000036007000300056008004100059040002200100082001200122084001200134090001400146245007000160300005900230500001100289650001400300700003700314850001200351041000800363264004000371336002100411337003000432338002300462546003000485990001200515INLIS00000000086551620211021110658 a0010-1021000436ta211021s1942 xx a g 1 eng d aYOPDYOGbinderda04223a627 a627 HAN aR 627 HAN00aHandbook of applied hydraulics /cpenyunting, Calvin Victor Davis axix, 1084 halaman :btabel, ilustrasi, gambar ;c21 cm aIndeks 4aHidraulik1 aDavis, Calvin Victorepenyunting aYOPDYOG0 aeng31aNew York :bMcGraw-Hill Book,c1942 2rdacontentateks 2rdamediaatanpa perantara 2rdacarrieravolume aTeks dalam Bahasa inggris a20581-a